[Event "Women's Speed Chess Q1"]
[Site "chess.com INT"]
[Date "2020.06.18"]
[Round "7"]
[White "Kairbekova, Amina"]
[Black "Tian, Shi Yuan"]
[Result "0-1"]
[WhiteTitle "WFM"]
[BlackTitle "WFM"]
[WhiteElo "2065"]
[BlackElo "1868"]
[WhiteFideId "13712799"]
[BlackFideId "2623960"]
[EventDate "2020.06.18"]

1. e4 c6 2. d4 d5 3. Nd2 dxe4 4. Nxe4 Bf5 5. Ng3 Bg6 6. h4 h6 7. Nf3 Nd7 8. h5
Bh7 9. Bd3 Bxd3 10. Qxd3 e6 11. Bd2 Ngf6 12. O-O-O Bd6 13. Ne4 Nxe4 14. Qxe4 Nf6
15. Qe2 Bc7 16. Kb1 Qd5 17. c4 Qe4+ 18. Qxe4 Nxe4 19. Be3 O-O 20. Nd2 Nxd2+ 21.
Rxd2 Rad8 22. g4 Kh7 23. g5 hxg5 24. Bxg5 Rd7 25. h6 g6 26. Bf6 Bd8 27. Bg7 Re8
28. f4 Be7 29. Rhd1 Bf8 30. Bf6 Be7 31. Bg5 f6 32. Bh4 Kxh6 33. Rh2 Kg7 34. Rdh1
Kf7 35. Bf2 Bf8 36. Rh7+ Bg7 37. Be3 Rdd8 38. f5 exf5 39. Bh6 Rg8 40. Rd1 Kf8
41. Bf4 g5 42. Bc7 Rd7 43. Bb8 b6 44. d5 Kf7 45. Bh2 cxd5 46. cxd5 Rgd8 47. d6
f4 48. Rh3 Rxd6 49. Rxd6 Rxd6 50. Rc3 Rd7 51. Kc2 Kg6 52. Rd3 Rxd3 53. Kxd3 Kf5
54. Bg1 Bf8 55. b3 g4 56. Bd4 Bc5 57. Bxc5 bxc5 58. Kc4 f3 59. Kxc5 f2 60. b4
f1=Q 61. a4 Qc1+ 62. Kb5 Qc7 63. a5 Qb7+ 64. Ka4 g3 65. b5 g2 66. a6 Qb6 67. Kb4
g1=Q 68. Ka4 Qbc5 69. Kb3 Qb1+ 70. Ka4 Qbb4# 0-1

[Event "Women's Speed Chess Q1"]
[Site "chess.com INT"]
[Date "2020.06.18"]
[Round "7"]
[White "Shevtchenko, Olesya"]
[Black "Soumya, Swaminathan"]
[Result "1-0"]
[WhiteTitle "WFM"]
[BlackTitle "IM"]
[WhiteElo "2054"]
[BlackElo "2351"]
[WhiteFideId "24131890"]
[BlackFideId "5016193"]
[EventDate "2020.06.18"]

1. e4 c5 2. Nf3 Nc6 3. d4 cxd4 4. Nxd4 Nf6 5. Nc3 d6 6. f3 e5 7. Nb3 Be7 8. Be3
Be6 9. Qd2 d5 10. exd5 Nxd5 11. Nxd5 Qxd5 12. Qxd5 Bxd5 13. Bb5 O-O 14. O-O-O
Rfd8 15. Nc5 Nd4 16. Bxd4 exd4 17. Nb3 a6 18. Bd3 a5 19. Nxd4 Bxa2 20. Nf5 Bg5+
21. Rd2 Be6 22. Ng3 Rac8 23. Ne4 Bh6 24. Kd1 f5 25. Nf2 Bxd2 26. Kxd2 Bc4 27.
Re1 Kf7 28. Re5 g6 29. Rxa5 Bxd3 30. Nxd3 Kf6 31. Rb5 Rd7 32. f4 Rc4 33. g3 Rcd4
34. Ke3 Re4+ 35. Kf3 Rc7 36. c3 Rce7 37. Ne5 g5 38. h3 gxf4 39. gxf4 Re1 40. Kf2
Rh1 41. Kg2 Rc1 42. Rb6+ Kg7 43. Kg3 Rc2 44. c4 Rc7 45. b3 Kg8 46. Kh4 Rg7 47.
Kh5 Rh2 48. h4 Rh3 49. c5 Rc3 50. b4 Rcg3 51. b5 Rg2 52. c6 1-0

[Event "Women's Speed Chess Q1"]
[Site "chess.com INT"]
[Date "2020.06.18"]
[Round "7"]
[White "Tokhirjonova, Gulrukhbegim"]
[Black "Zhao, Xue"]
[Result "1-0"]
[WhiteTitle "WGM"]
[BlackTitle "GM"]
[WhiteElo "2378"]
[BlackElo "2486"]
[WhiteFideId "14203626"]
[BlackFideId "8601283"]
[EventDate "2020.06.18"]

1. e4 Nf6 2. e5 Nd5 3. d4 d6 4. Nf3 dxe5 5. Nxe5 c6 6. Be2 Nd7 7. Nf3 N7f6 8. h3
Bf5 9. O-O e6 10. c4 Nb6 11. Be3 Be7 12. Nc3 Ne4 13. Qc1 O-O 14. Rd1 Nxc3 15.
Qxc3 Qc7 16. b4 a5 17. a3 Nd7 18. Qb2 h6 19. Bd2 axb4 20. axb4 Bf6 21. Bc3 b5
22. cxb5 cxb5 23. Bxb5 Nb6 24. Rac1 Qb8 25. Bc6 Na4 26. Bxa4 Rxa4 27. Ne5 Qb5
28. Ra1 Rc8 29. Rxa4 Qxa4 30. Ra1 Qb5 31. Ra5 Qb7 32. Rc5 Ra8 33. b5 Be7 34. b6
Bxc5 35. dxc5 Be4 36. f3 Bd5 37. Bd4 Ra2 38. Qb5 Rc2 39. Qe8+ Kh7 40. Nxf7 Rc1+
41. Kh2 Qa6 42. Qh8+ Kg6 43. Qxg7+ 1-0

[Event "Women's Speed Chess Q1"]
[Site "chess.com INT"]
[Date "2020.06.18"]
[Round "7"]
[White "Sharmin, Samiha Shimmi"]
[Black "Millard, Charlotte"]
[Result "1-0"]
[WhiteTitle "WCM"]
[BlackTitle "WCM"]
[WhiteElo "1812"]
[BlackElo "1252"]
[WhiteFideId "10203087"]
[BlackFideId "14320363"]
[EventDate "2020.06.18"]

1. e4 e5 2. Nf3 Nc6 3. Bc4 Bc5 4. O-O Nf6 5. d3 h6 6. Re1 O-O 7. a4 a5 8. Nbd2
d6 9. c3 Bg4 10. h3 Bh5 11. Nf1 Kh8 12. Ng3 Bg6 13. d4 exd4 14. cxd4 Bb4 15. Re2
d5 16. exd5 Nxd5 17. Ne5 Bh7 18. Ne4 Bxe4 19. Rxe4 Nf6 20. Nxc6 bxc6 21. Re3 Qd6
22. Rf3 Nd5 23. Be3 Rae8 24. Qd3 Re7 25. Rd1 Nxe3 26. fxe3 Qd7 27. e4 f6 28. Bb3
Bd6 29. Bc2 g6 30. e5 Bb4 31. Qxg6 Rg7 32. Qxh6+ Kg8 33. exf6 Rxf6 34. Rxf6 Bc5
35. dxc5 Qe7 36. Rdf1 Qxc5+ 37. Kh1 Qb4 38. Rf8+ Qxf8 39. Rxf8+ Kxf8 40. Qxc6
Kg8 41. Qd5+ Kh8 42. Qxa5 Kg8 43. Qd5+ Kh8 44. a5 c5 45. a6 c4 46. Qd8+ Rg8 47.
Qf6+ Rg7 48. a7 c3 49. a8=Q# 1-0

[Event "Women's Speed Chess Q1"]
[Site "chess.com INT"]
[Date "2020.06.18"]
[Round "7"]
[White "De Seroux, Camille"]
[Black "Antolak, Julia"]
[Result "0-1"]
[WhiteTitle "WIM"]
[BlackTitle "WIM"]
[WhiteElo "2137"]
[BlackElo "2323"]
[WhiteFideId "1305620"]
[BlackFideId "1159569"]
[EventDate "2020.06.18"]

1. e4 c5 2. Nc3 e6 3. Nf3 d6 4. d4 cxd4 5. Nxd4 Nf6 6. Bd3 Nc6 7. Nb3 Be7 8. O-O
a6 9. f4 Qc7 10. Bd2 b5 11. Qf3 Bb7 12. Rae1 Rc8 13. Qg3 O-O 14. e5 Nd7 15. Qh3
g6 16. exd6 Bxd6 17. Ne4 Be7 18. Ng5 h5 19. Nxe6 Qd6 20. Nxf8 Bxf8 21. f5 Nde5
22. fxg6 fxg6 23. Bf4 Re8 24. Qg3 Kg7 25. Bxe5+ Nxe5 26. Qf4 Nf3+ 27. Rxf3 Rxe1+
28. Kf2 Bxf3 29. Qxd6 Bxd6 30. Kxe1 Bxg2 31. Kf2 Bd5 32. Nd4 Bxh2 33. c3 Bxa2
34. Nc6 Bd5 35. Nb4 Bb7 36. c4 bxc4 37. Bxc4 a5 38. Nd3 Bd6 39. Ke3 g5 40. b3 h4
41. Kf2 Kg6 42. Ne1 g4 43. Ng2 Kg5 44. Ne3 Bc5 45. Be6 Kf4 46. Bxg4 Bxe3+ 47.
Ke2 Kxg4 48. Kxe3 h3 0-1

[Event "Women's Speed Chess Q1"]
[Site "chess.com INT"]
[Date "2020.06.18"]
[Round "7"]
[White "Mrudul, Dehankar"]
[Black "Dubnikova, Anastasia"]
[Result "1-0"]
[WhiteTitle "WIM"]
[BlackTitle "WFM"]
[WhiteElo "2256"]
[BlackElo "2148"]
[WhiteFideId "25096990"]
[BlackFideId "44153759"]
[EventDate "2020.06.18"]

1. e4 Nf6 2. e5 Nd5 3. d4 d6 4. c4 Nb6 5. exd6 exd6 6. Nf3 Nc6 7. Be2 Be7 8. O-O
O-O 9. Nc3 Bf6 10. h3 h6 11. b3 Bf5 12. Be3 Re8 13. Qd2 Qd7 14. Rfe1 Re7 15. Bf1
Rae8 16. Rac1 Qc8 17. g4 Bxg4 18. hxg4 Qxg4+ 19. Bg2 Nxd4 20. Bxd4 Rxe1+ 21.
Rxe1 Rxe1+ 22. Qxe1 Bxd4 23. Qe8+ Kh7 24. Nxd4 Qxd4 25. Be4+ g6 26. Qxf7+ Kh8
27. Qe8+ Kg7 28. Qxg6+ Kf8 29. Qxh6+ Ke7 30. Nd5+ Nxd5 31. Bxd5 Qd1+ 32. Kh2 Qe2
33. Qe3+ Qxe3 34. fxe3 c6 35. Bf3 Kf6 36. Kg3 Ke5 37. Kg4 d5 38. cxd5 cxd5 39.
Kg5 a5 40. a4 b6 41. Kg6 d4 42. exd4+ Kxd4 43. Kf6 Kc5 44. Be2 Kb4 45. Bc4 Kc5
46. Ke6 Kc6 47. Bb5+ Kc5 48. Kd7 Kb4 1-0

[Event "Women's Speed Chess Q1"]
[Site "chess.com INT"]
[Date "2020.06.18"]
[Round "7"]
[White "Schulze, Lara"]
[Black "Fominykh, Maria"]
[Result "1-0"]
[WhiteTitle "FM"]
[BlackTitle "WGM"]
[WhiteElo "2314"]
[BlackElo "2206"]
[WhiteFideId "12956830"]
[BlackFideId "4142411"]
[EventDate "2020.06.18"]

1. e4 e6 2. d4 d5 3. Nd2 c5 4. exd5 Qxd5 5. dxc5 Bxc5 6. Ngf3 Nc6 7. Bc4 Qd8 8.
O-O Nf6 9. Qe2 O-O 10. Nb3 Bd6 11. Bg5 h6 12. Bh4 Be7 13. Rfd1 Qb6 14. a4 a5 15.
c3 Qc7 16. Bg3 Qb6 17. Nbd4 Bd7 18. Nb5 Rac8 19. Rd2 Rfd8 20. Rad1 Na7 21. Ne5
Be8 22. Nxa7 Rxd2 23. Rxd2 Qxa7 24. Bb5 Nd5 25. Bxe8 Rxe8 26. Qb5 Rc8 27. Nc4
Qc5 28. Nxa5 Qxb5 29. axb5 b6 30. Nc6 Bc5 31. c4 Nf6 32. h3 Ne4 33. Rd3 Ra8 34.
Kh2 Ra2 35. b4 1-0

[Event "Women's Speed Chess Q1"]
[Site "chess.com INT"]
[Date "2020.06.18"]
[Round "7"]
[White "Injac, Teodora"]
[Black "Cramling, Pia"]
[Result "1-0"]
[WhiteTitle "WIM"]
[BlackTitle "GM"]
[WhiteElo "2286"]
[BlackElo "2464"]
[WhiteFideId "932400"]
[BlackFideId "1700030"]
[EventDate "2020.06.18"]

1. d4 Nf6 2. Nf3 e6 3. e3 b6 4. Bd3 Bb7 5. O-O d5 6. b3 Bd6 7. c4 O-O 8. cxd5
exd5 9. Ba3 Bxa3 10. Nxa3 a6 11. Rc1 Qe7 12. Nb1 c5 13. Nc3 Nbd7 14. Qe2 Rfe8
15. Rfd1 Ne4 16. dxc5 bxc5 17. Bxe4 dxe4 18. Nd2 Rad8 19. Nc4 Ne5 20. Nxe5 Qxe5
21. Na4 Rc8 22. Qd2 Re6 23. Qc3 Qg5 24. Nxc5 Rg6 25. g3 h5 26. Qd4 Rgc6 27. b4
a5 28. a3 axb4 29. axb4 Ba8 30. Ra1 R6c7 31. Qd6 Rc6 32. Rxa8 Rxd6 33. Rxc8+ Kh7
34. Rxd6 h4 35. Nxe4 Qg4 36. Rc4 Qe2 37. Ng5+ 1-0

[Event "Women's Speed Chess Q1"]
[Site "chess.com INT"]
[Date "2020.06.18"]
[Round "7"]
[White "Kashlinskaya, Alina"]
[Black "Bivol, Alina"]
[Result "1-0"]
[WhiteTitle "IM"]
[BlackTitle "WGM"]
[WhiteElo "2494"]
[BlackElo "2386"]
[WhiteFideId "4198026"]
[BlackFideId "4100123"]
[EventDate "2020.06.18"]

1. d4 Nf6 2. c4 g6 3. Nc3 Bg7 4. e4 d6 5. h3 O-O 6. Be3 a6 7. Nf3 c6 8. Bd3 b5
9. cxb5 axb5 10. O-O b4 11. Ne2 Ba6 12. Ng3 Qa5 13. a4 Nfd7 14. Bxa6 Nxa6 15.
Nd2 c5 16. Nc4 Qc7 17. Rc1 cxd4 18. Bxd4 Nac5 19. Bxg7 Kxg7 20. b3 Rfc8 21. f4
Qb7 22. Qd4+ f6 23. Qe3 Qa7 24. Kh2 Ne6 25. Qf3 Nd4 26. Qd3 Ne6 27. Ne2 Ndc5 28.
Qe3 Qb7 29. e5 dxe5 30. fxe5 Qe4 31. exf6+ exf6 32. Qxe4 Nxe4 33. Nb6 Rxc1 34.
Rxc1 Rd8 35. Rc4 N6c5 36. Rxb4 Rd2 37. Nd4 Nd3 38. Ne6+ Kf7 39. Rxe4 Nf2 40. Re1
Nd3 41. Re3 1-0

[Event "Women's Speed Chess Q1"]
[Site "chess.com INT"]
[Date "2020.06.18"]
[Round "7"]
[White "Tomilova, Elena"]
[Black "Huda, Maryana"]
[Result "0-1"]
[WhiteTitle "WGM"]
[BlackTitle "WGM"]
[WhiteElo "2353"]
[BlackElo "2128"]
[WhiteFideId "4162340"]
[BlackFideId "14116553"]
[EventDate "2020.06.18"]

1. d4 d5 2. c4 c6 3. cxd5 cxd5 4. Bg5 Qb6 5. Nc3 e6 6. Qd2 Nc6 7. Nf3 Bd7 8. e3
a6 9. Rc1 Na5 10. Bd3 Bb4 11. O-O Ne7 12. Bxe7 Bxe7 13. e4 dxe4 14. Nxe4 O-O 15.
Nc5 Rfd8 16. Ne5 Be8 17. b3 g6 18. Qf4 Rac8 19. Bb1 Nc6 20. Nc4 Qc7 21. Qe3 Nxd4
22. b4 Bb5 23. a4 Bxc4 24. Rxc4 Nf5 25. Bxf5 exf5 26. Re1 Bf8 27. h4 b6 28. Ne4
Qxc4 29. Nf6+ Kh8 30. h5 Qc3 31. Qxc3 Rxc3 32. hxg6 hxg6 33. g3 Bg7 0-1

[Event "Women's Speed Chess Q1"]
[Site "chess.com INT"]
[Date "2020.06.18"]
[Round "7"]
[White "Salimova, Nurgyul"]
[Black "Stefanova, Antoaneta"]
[Result "0-1"]
[WhiteTitle "IM"]
[BlackTitle "GM"]
[WhiteElo "2372"]
[BlackElo "2462"]
[WhiteFideId "2915138"]
[BlackFideId "2902257"]
[EventDate "2020.06.18"]

1. c4 c6 2. d4 d5 3. cxd5 cxd5 4. Nc3 Nf6 5. Bf4 a6 6. e3 Nc6 7. Bd3 Bg4 8. Qb3
Na5 9. Qc2 Rc8 10. h3 Bh5 11. Nf3 Bxf3 12. gxf3 e6 13. a3 Nc4 14. Ke2 Bd6 15.
Bg5 h6 16. Bh4 g5 17. Bg3 Bxg3 18. fxg3 Qd6 19. Kf2 h5 20. h4 gxh4 21. Rxh4 Rg8
22. Rf4 Ke7 23. Rg1 Rg5 24. Bxc4 Rxc4 25. Qd3 b5 26. Rh1 Rc8 27. Ne2 Rg6 28. e4
dxe4 29. fxe4 e5 30. Rf5 exd4 31. Nf4 Ng4+ 32. Ke2 Ne3 33. Nxg6+ fxg6 34. Rf4 g5
35. Kf3 gxf4 36. gxf4 Rf8 37. Rh4 Nc4 38. e5 Nxe5+ 0-1

[Event "Women's Speed Chess Q1"]
[Site "chess.com INT"]
[Date "2020.06.18"]
[Round "7"]
[White "Mkrtchian, Lilit"]
[Black "Nurmanova, Alua"]
[Result "1/2-1/2"]
[WhiteTitle "IM"]
[BlackTitle "WFM"]
[WhiteElo "2388"]
[BlackElo "2026"]
[WhiteFideId "13300601"]
[BlackFideId "13729390"]
[EventDate "2020.06.18"]

1. d4 Nf6 2. c4 g6 3. Nc3 Bg7 4. e4 O-O 5. Nf3 d6 6. Be2 e5 7. O-O Nc6 8. d5 Ne7
9. Ne1 Ne8 10. Be3 f5 11. f3 f4 12. Bf2 h5 13. Nd3 g5 14. c5 Ng6 15. a4 Bh6 16.
a5 a6 17. cxd6 cxd6 18. Na4 g4 19. fxg4 hxg4 20. Bxg4 Qg5 21. Bxc8 Rxc8 22. Qf3
Rc2 23. Rac1 Rxf2 24. Nxf2 Nf6 25. Rc7 Nh4 26. Qh3 f3 27. g3 Ng2 28. Rc8 Nf4 29.
Rxf8+ Bxf8 30. Qf5 Ne2+ 31. Kh1 Qxf5 32. exf5 e4 33. Nd1 Nxd5 34. Nac3 Ndxc3 35.
bxc3 d5 36. Ne3 Nxc3 37. Rc1 d4 38. Ng4 Ba3 39. Rc2 Bb4 40. f6 d3 41. Rb2 Bxa5
42. Rxb7 d2 43. Nh6+ Kh8 44. Nf7+ Kg8 45. Nh6+ Kh8 46. Nf7+ Kg8 47. Nh6+ 1/2-1/2

[Event "Women's Speed Chess Q1"]
[Site "chess.com INT"]
[Date "2020.06.18"]
[Round "7"]
[White "Socko, Monika"]
[Black "Michelle Catherina, P"]
[Result "0-1"]
[WhiteTitle "GM"]
[BlackTitle "WIM"]
[WhiteElo "2428"]
[BlackElo "2176"]
[WhiteFideId "1106619"]
[BlackFideId "5005736"]
[EventDate "2020.06.18"]

1. d4 Nf6 2. c4 e6 3. Nf3 d5 4. g3 Bb4+ 5. Nbd2 O-O 6. Bg2 dxc4 7. Qc2 c5 8.
Qxc4 Nc6 9. dxc5 Qe7 10. O-O Bxc5 11. a3 a5 12. Nb3 Ba7 13. Bd2 e5 14. Qb5 e4
15. Nh4 a4 16. Nc1 Nd4 17. Bb4 Qe6 18. Qg5 h6 19. Qf4 g5 20. Qd6 Qxd6 21. Bxd6
Re8 22. e3 Nb5 23. Bb4 gxh4 24. gxh4 Kh7 25. Ne2 Nc7 26. Ng3 Ncd5 27. Bd2 Bg4
28. Rfc1 Rac8 29. Rxc8 Rxc8 30. Nxe4 Rc2 31. Nxf6+ Nxf6 32. Bc3 Kg6 33. h3 Bc8
34. Bf1 Bf5 35. Rd1 Ne4 36. Bb4 Nxf2 37. Rd6+ f6 38. Bc3 Ne4 39. Rd8 Nxc3 40.
bxc3 Bxe3+ 41. Kh1 Be4+ 0-1

[Event "Women's Speed Chess Q1"]
[Site "chess.com INT"]
[Date "2020.06.18"]
[Round "7"]
[White "Arabidze, Meri"]
[Black "Pham, Le Thao Nguyen"]
[Result "0-1"]
[WhiteTitle "IM"]
[BlackTitle "IM"]
[WhiteElo "2428"]
[BlackElo "2366"]
[WhiteFideId "13604040"]
[BlackFideId "12401226"]
[EventDate "2020.06.18"]

1. d4 d5 2. c4 c6 3. Nf3 Nf6 4. Nc3 dxc4 5. a4 Bf5 6. e3 e6 7. Bxc4 Bb4 8. Kf1
Nbd7 9. h3 O-O 10. Qe2 Bg6 11. g3 Qe7 12. Kg2 e5 13. Nh4 a5 14. Nxg6 hxg6 15.
Rd1 Rad8 16. Bd2 Nb6 17. dxe5 Qxe5 18. Bb3 Rd7 19. Be1 Rfd8 20. Rxd7 Rxd7 21.
Rd1 Ne4 22. Rxd7 Nxd7 23. Qc4 Nd6 24. Qh4 g5 25. Qh5 Nc5 26. Bc2 g6 27. Qg4 Kg7
28. Qf3 Nc4 29. Qe2 Nxb2 30. Na2 Bxe1 31. Qxe1 Qd5+ 32. Kg1 Nbxa4 33. Bxa4 Nxa4
34. Nc1 Kg8 35. Ne2 Nc5 36. Qxa5 Qd1+ 37. Kg2 Ne4 38. Qa2 Nd2 39. Qa8+ Kh7 40.
Qf8 Qf1+ 41. Kh2 Qxf2+ 42. Kh1 Ne4 43. Qxf7+ Qxf7 0-1

[Event "Women's Speed Chess Q1"]
[Site "chess.com INT"]
[Date "2020.06.18"]
[Round "7"]
[White "Solozhenkina, Elizaveta"]
[Black "Nguyen, Hong Anh"]
[Result "1-0"]
[WhiteTitle "WIM"]
[BlackTitle "WIM"]
[WhiteElo "2301"]
[BlackElo "1970"]
[WhiteFideId "34106615"]
[BlackFideId "12406732"]
[EventDate "2020.06.18"]

1. Nf3 Nf6 2. g3 g6 3. Bg2 Bg7 4. d4 O-O 5. O-O d5 6. c3 Nbd7 7. Nbd2 c5 8. a4
Ne4 9. a5 cxd4 10. cxd4 Ndf6 11. Ne5 Bf5 12. Qb3 Nd7 13. Ndf3 Nxe5 14. Nxe5 Nd6
15. Bxd5 Bh3 16. Bg2 Bxg2 17. Kxg2 Nf5 18. e3 Qc7 19. Nd3 Rad8 20. Bd2 Qc6+ 21.
f3 e5 22. Rac1 Qa6 23. Nc5 Qf6 24. d5 b6 25. axb6 axb6 26. Ne4 Qe7 27. Bb4 Qd7
28. Bxf8 Rxf8 29. d6 Qd8 30. Rfd1 Bh6 31. Rd3 b5 32. Nf2 Qb6 33. Ng4 Bg7 34. d7
h5 35. Rc8 Rd8 36. Rxd8+ Qxd8 37. Nf2 Bf6 38. Qxb5 Be7 39. Qc6 Kg7 40. Ne4 Qa5
41. Qc3 Qa2 42. d8=Q Bxd8 43. Rxd8 Qb1 44. Qxe5+ f6 45. Qxf6+ Kh6 46. Rh8# 1-0

[Event "Women's Speed Chess Q1"]
[Site "chess.com INT"]
[Date "2020.06.18"]
[Round "7"]
[White "Xu, Yuanyuan"]
[Black "Allahverdiyeva, Ayan"]
[Result "1-0"]
[WhiteTitle "WGM"]
[BlackTitle "WFM"]
[WhiteElo "2317"]
[BlackElo "2088"]
[WhiteFideId "8601089"]
[BlackFideId "13412590"]
[EventDate "2020.06.18"]

1. d4 Nf6 2. c4 g6 3. Nc3 Bg7 4. e4 d6 5. h3 O-O 6. Be3 Nc6 7. d5 Nb8 8. f4 c6
9. Nf3 a6 10. a4 Qa5 11. Nd2 Nbd7 12. Nb3 Qc7 13. a5 Nc5 14. Nxc5 dxc5 15. e5
Nd7 16. Bd3 g5 17. Qh5 h6 18. h4 gxf4 19. Bxf4 Nxe5 20. O-O f6 21. Rae1 e6 22.
Bxe5 fxe5 23. Qg6 Rf5 24. dxe6 Rf4 25. Qh7+ Kf8 26. Rxf4+ exf4 27. e7+ Qxe7 28.
Rxe7 Kxe7 29. Qxg7+ Kd8 30. Ne4 Rb8 31. Nd6 Bd7 32. Nf7+ Kc7 33. Ne5 Rd8 34. Bf5
Kd6 35. Nxd7 Re8 36. Qf6+ Kc7 37. Ne5 f3 38. Qf7+ Kd6 39. Qxe8 f2+ 40. Kxf2 h5
41. Qe6+ Kc7 42. Qd7+ Kb8 43. Qc8+ Ka7 44. Nd7 b5 45. Qb8# 1-0

[Event "Women's Speed Chess Q1"]
[Site "chess.com INT"]
[Date "2020.06.18"]
[Round "7"]
[White "Shpanko, Nadiia"]
[Black "Daulyte-Cornette, Deimante"]
[Result "0-1"]
[WhiteTitle "WIM"]
[BlackTitle "IM"]
[WhiteElo "2235"]
[BlackElo "2400"]
[WhiteFideId "14132400"]
[BlackFideId "12802859"]
[EventDate "2020.06.18"]

1. d4 Nf6 2. Nf3 b6 3. c4 e6 4. Nc3 Bb4 5. Qc2 Bb7 6. e3 Ne4 7. Bd3 Bxc3+ 8.
bxc3 f5 9. Nd2 Qh4 10. O-O Ng5 11. f3 O-O 12. Ba3 d6 13. c5 dxc5 14. dxc5 Rf6
15. Rf2 Rh6 16. Nf1 Nd7 17. cxb6 axb6 18. Bc1 Ne5 19. e4 Nxd3 20. Bxg5 Qxg5 21.
Qxd3 fxe4 22. fxe4 Rd8 23. Qf3 Rf6 24. Qg3 Qc5 25. Ne3 Rxf2 26. Qxf2 Rf8 27. Qe2
Bxe4 28. Rc1 Bb7 29. Kh1 e5 30. Ng4 e4 31. h3 h6 32. Kh2 Qd6+ 33. Kh1 Qg3 34. c4
h5 35. Ne3 Rf2 36. Qe1 h4 37. Rd1 Kh7 38. Rd7 Bc8 39. Rf7 Rxf7 0-1

[Event "Women's Speed Chess Q1"]
[Site "chess.com INT"]
[Date "2020.06.18"]
[Round "7"]
[White "Bogumil, Tatiana"]
[Black "Jakubowska, Anna"]
[Result "1/2-1/2"]
[WhiteTitle "WGM"]
[BlackTitle "WIM"]
[WhiteElo "2182"]
[BlackElo "2073"]
[WhiteFideId "4110579"]
[BlackFideId "1121952"]
[EventDate "2020.06.18"]

1. Nf3 f5 2. c4 Nf6 3. g3 g6 4. b3 Bg7 5. Bb2 d6 6. d4 O-O 7. d5 e5 8. dxe6 Bxe6
9. Bg2 h6 10. O-O Nc6 11. Nd4 Nxd4 12. Bxd4 c6 13. Qc2 Qe7 14. Nd2 d5 15. cxd5
Bxd5 16. Nf3 Rfe8 17. e3 Be4 18. Qb2 Nd5 19. Bxg7 Qxg7 20. Qxg7+ Kxg7 21. Rac1
Rad8 22. a3 Nf6 23. b4 Rd3 24. Ra1 Red8 25. Nd4 Kf7 26. Rfd1 Rxd1+ 27. Rxd1 Bxg2
28. Kxg2 Ne4 29. h4 Kf6 30. Rc1 Rd5 31. f3 Nd6 32. Kf2 a5 33. Ke2 axb4 34. axb4
Nb5 35. Nxb5 Rxb5 36. Rc4 Ke5 37. f4+ Ke6 38. Kf3 Kd5 39. Rd4+ Ke6 40. e4 fxe4+
41. Kxe4 b6 42. g4 c5 43. bxc5 Rxc5 44. h5 gxh5 45. f5+ Ke7 46. gxh5 b5 47. Rd2
b4 48. Rg2 b3 49. Rg7+ Kf6 50. Rg6+ Kf7 51. Rb6 Rc3 52. Ke5 Rc5+ 53. Ke4 Rc3 54.
Ke5 Rc5+ 55. Ke4 1/2-1/2

[Event "Women's Speed Chess Q1"]
[Site "chess.com INT"]
[Date "2020.06.18"]
[Round "7"]
[White "Shvedova, Alexandra"]
[Black "Hernandez Bonilla, Amelia"]
[Result "1-0"]
[WhiteTitle "WFM"]
[BlackTitle "WFM"]
[WhiteElo "1994"]
[BlackElo "2016"]
[WhiteFideId "54154782"]
[BlackFideId "3900193"]
[EventDate "2020.06.18"]

1. e4 c5 2. Nf3 Nc6 3. d4 cxd4 4. Nxd4 d6 5. Nc3 Nf6 6. Bg5 e6 7. f3 Be7 8. h4
a6 9. Qd2 Qc7 10. O-O-O b5 11. Nxc6 Qxc6 12. Ne2 e5 13. g4 Be6 14. Kb1 Rc8 15.
Nc1 O-O 16. Be3 Rfd8 17. g5 Nh5 18. Nd3 a5 19. Bh3 b4 20. Bg4 Bxg4 21. fxg4 Ng3
22. h5 Nxe4 23. Qc1 Qb5 24. g6 a4 25. h6 gxh6 26. gxh7+ Kh8 27. Bxh6 b3 28. Rh2
bxa2+ 29. Ka1 a3 30. b3 Qb6 31. Be3 Qa5 32. Rf1 Qc3+ 33. Kxa2 d5 34. Rxf7 d4 35.
Bh6 Bf8 36. Bxf8 Rxf8 37. Rxf8+ Rxf8 38. Nxe5 Qb2+ 39. Qxb2 axb2 40. Ng6+ Kg7
41. Nxf8 1-0

[Event "Women's Speed Chess Q1"]
[Site "chess.com INT"]
[Date "2020.06.18"]
[Round "7"]
[White "Castillo Pena, Patricia Evarista"]
[Black "Zavivaeva, Evelina"]
[Result "1-0"]
[WhiteTitle "WCM"]
[BlackTitle "WCM"]
[WhiteElo "1770"]
[BlackElo "1619"]
[WhiteFideId "6412106"]
[BlackFideId "44127839"]
[EventDate "2020.06.18"]

1. d4 Nf6 2. Nf3 e6 3. e3 b6 4. Bd3 Bb7 5. b3 g6 6. Bb2 Bg7 7. O-O d6 8. Nbd2
Nbd7 9. c4 O-O 10. e4 e5 11. dxe5 Nxe5 12. Nxe5 dxe5 13. Qe2 Re8 14. Rad1 Qe7
15. Nf3 Nd7 16. Bb1 Rad8 17. Qe3 Nc5 18. Bc3 Rxd1 19. Rxd1 Rd8 20. Rxd8+ Qxd8
21. Bc2 Qd7 22. h3 Qe8 23. b4 Nd7 24. Ba4 Qe7 25. Bxd7 Qxd7 26. Bxe5 Bxe5 27.
Nxe5 Qd1+ 28. Kh2 Qd6 29. f4 f6 30. Ng4 Qc6 31. Qd4 Kg7 32. Qd5 Qe8 33. Qd4 Qf7
34. Kg3 Bc8 35. Ne3 Be6 36. Nd5 1-0

[Event "Women's Speed Chess Q1"]
[Site "chess.com INT"]
[Date "2020.06.18"]
[Round "7"]
[White "Artemyeva, Olga"]
[Black "Tsukerman, Julia"]
[Result "1-0"]
[WhiteTitle "WFM"]
[BlackTitle "WCM"]
[WhiteElo "2069"]
[BlackElo "1523"]
[WhiteFideId "4138422"]
[BlackFideId "2621649"]
[EventDate "2020.06.18"]

1. e4 c5 2. Nf3 d6 3. d4 cxd4 4. Nxd4 Nf6 5. Nc3 a6 6. Be2 e5 7. Nb3 Be6 8. O-O
Be7 9. Qd3 Nc6 10. a3 O-O 11. Bg5 Qc7 12. Rad1 Rad8 13. Bxf6 Bxf6 14. Nd5 Bxd5
15. exd5 Ne7 16. c4 Ng6 17. g3 Be7 18. Bg4 Nh8 19. f4 exf4 20. gxf4 Ng6 21. Kh1
Bf6 22. Nd2 Rfe8 23. b4 b6 24. Ne4 Be7 25. Ng3 Rc8 26. Rc1 Rcd8 27. Nh5 Bf8 28.
Qd4 Qb7 29. Rce1 Rxe1 30. Rxe1 b5 31. cxb5 Qxb5 32. Ng3 Qa4 33. Re3 Be7 34. Rxe7
Nxe7 35. Nh5 f6 36. Nxf6+ gxf6 37. Qxf6 h5 38. Be6+ Kh7 39. Qxe7+ Kh6 40. Qg5+
Kh7 41. Qxh5+ Kg7 42. Qg5+ Kh7 43. Bf5+ Kh8 44. Qh6+ Kg8 45. Be6# 1-0